এটম বোমার ইতিবৃত্ত / (Record no. 4732)
[ view plain ]
| 000 -LEADER | |
|---|---|
| fixed length control field | 00712nam a2200229 a 4500 |
| 001 - CONTROL NUMBER | |
| JCCL Control Number | 4732 |
| 003 - CONTROL NUMBER IDENTIFIER | |
| JCCL marc code | BD-JhCC |
| 005 - DATE AND TIME OF LATEST TRANSACTION | |
| control field | 20171130191211.0 |
| 008 - FIXED-LENGTH DATA ELEMENTS--GENERAL INFORMATION | |
| fixed length control field | 171130s1987 b a|||| || | 000 0 be d |
| 035 ## - SYSTEM CONTROL NUMBER | |
| system control number | (BD-JhCC)4732 |
| 040 ## - CATALOGING SOURCE | |
| Original cataloging agency | BD-JhCC |
| Modifying agency | BD-JhCC |
| 041 ## - LANGUAGE CODE | |
| Language code of Book | ben |
| 082 ## - DEWEY DECIMAL CLASSIFICATION NUMBER | |
| Classification number | 623.45119 |
| Author mark and Year | KHA 1987 |
| 100 ## - MAIN ENTRY--PERSONAL NAME | |
| Personal name | খান, আনোয়ারুল হক |
| 245 ## - TITLE STATEMENT | |
| Title | এটম বোমার ইতিবৃত্ত / |
| Statement of responsibility, etc | আনোয়ারুল হক খান, |
| 260 ## - PUBLICATION, DISTRIBUTION, ETC. (IMPRINT) | |
| Place of publication, distribution, etc | ঢাকা : |
| Name of publisher, distributor, etc | নওরোজ কিতাবিস্তান, |
| Date of publication, distribution, etc | 1987. |
| 300 ## - PHYSICAL DESCRIPTION | |
| Pagination | 92 p. : |
| Other physical details | ill. ; |
| Dimensions | 21 cm. |
| 650 ## - SUBJECT ADDED ENTRY--TOPICAL TERM | |
| Topical term or geographic name as entry element | A Nuclear Physicists |
| 650 ## - SUBJECT ADDED ENTRY--TOPICAL TERM | |
| Topical term or geographic name as entry element | Atomic bomb |
| 942 ## - ADDED ENTRY ELEMENTS (KOHA) | |
| Source of classification or shelving scheme | Dewey Decimal Classification |
| Koha item type | Books |
| Source of classification or shelving scheme | Damaged status | Not for loan | Home library | Current library | Shelving location | Date of accession | Cost, normal purchase price | Total Checkouts | Full call number | Barcode | Date last seen | Copy number | Koha item type |
|---|---|---|---|---|---|---|---|---|---|---|---|---|---|
| Dewey Decimal Classification | JCC Rouf Library | JCC Rouf Library | General Stacks | 11/30/2017 | 30.00 | 623.45119 KHA 1987 | 6739 | 11/30/2017 | C-1 | Books |